| 000 | 00651nam a2200205Ia 4500 | ||
|---|---|---|---|
| 003 | GCL | ||
| 008 | 140319s9999 xx 000 0 ara d | ||
| 020 | _a5215291977 | ||
| 040 |
_aGCL / _cGCL |
||
| 082 | 0 | 4 |
_a412 _bع ر |
| 100 | 1 | _aعلى فهمى خشيم | |
| 245 | 1 | 0 |
_aرحلة الكلمات / _cعلى فهمى خشيم |
| 260 |
_aالقاهرة : _bمركز الحضارة العربية للاعلام والنشر ، _c2001 |
||
| 300 |
_a503 ص ؛ _c20 سم |
||
| 650 | 0 | 4 | _aالاشتقاق |
| 650 | 0 | 4 | _aالكلام |
| 650 | 0 | 4 | _aاللغات - تاريخ |
| 650 | 0 | 4 | _aاللغات - الكلمات الدخيلة |
| 942 |
_2ddc _cBK |
||
| 999 |
_c5142 _d5142 |
||